000 00468nmm a2200157Ia 4500
008 251105s9999||||xx |||||||||||||||||und||
020 _a9788433967671
041 _aspa
100 _aGutiérrez, Pedro Juan
245 0 _aEl rey de La Habana
264 _a[Madrid, España] :
_bEditorial Anagrama,
_c[Fecha de publicación no identificada]
300 _a0 páginas
490 _aCompactos
856 _uhttps://public.digitaliapublishing.com/a/161345
942 _cCF
999 _c81853
_d81853